000 00445nam a22001817a 4500
003 NUST - PNEC
005 20170116181001.0
008 150908b xxu||||| |||| 00| 0 eng d
020 _a-
040 _cLIBRARY
082 _a621.381958 BAR
100 _99100
_aBARTEE
245 _aDigital computer fundamentals
_cThomas C. Bartee
250 _a5th ed.
260 _cc.1981
650 _99104
_aComputer Fundamentals
_xMIS
942 _2ddc
_cBK
999 _c66728
_d66728